Farm management research for small farmer development
محفوظ في:
| المؤلف الرئيسي: | |
|---|---|
| التنسيق: | كتاب |
| اللغة: | Undetermined |
| منشور في: |
Rome
Food and Agriculture Organization of the United Nations
1980
|
| الموضوعات: | |
| الوسوم: |
إضافة وسم
لا توجد وسوم, كن أول من يضع وسما على هذه التسجيلة!
|
| Thư viện lưu trữ: | Trung tâm Học liệu Trường Đại học Cần Thơ |
|---|
| LEADER | 00625nam a2200193Ia 4500 | ||
|---|---|---|---|
| 001 | CTU_124700 | ||
| 008 | 210402s9999 xx 000 0 und d | ||
| 082 | |a 630.68 | ||
| 082 | |b D579 | ||
| 100 | |a Dillon, John L. | ||
| 245 | 0 | |a Farm management research for small farmer development | |
| 245 | 0 | |c by John L. Dillon, J. Brian Hardaker | |
| 260 | |a Rome | ||
| 260 | |b Food and Agriculture Organization of the United Nations | ||
| 260 | |c 1980 | ||
| 650 | |a Farm management,Farms, Small | ||
| 650 | |x Research,Methodology,Research,Methodology | ||
| 904 | |i M.Loan | ||
| 980 | |a Trung tâm Học liệu Trường Đại học Cần Thơ | ||